000 01097cam a2200277 a 4500
999 _c233455
_d233455
001 1200565
003 NUST
005 20170308101934.0
008 981002s1999 dcu b 101 0 eng
010 _a 98047265
020 _a0821342541
040 _aDLC
_cDLC
_dDLC
050 0 0 _aZ286.E3
_bE35 1999
082 0 0 _a070.5
_221
245 0 0 _aEducational publishing in global perspective :
_bcapacity building and trends /
_cShobhana Sosale, editor.
260 _aWashington, D.C. :
_bWorld Bank,
_cc1999.
300 _aix, 229 p. ;
_c26 cm.
500 _aPapers presented at a meeting held at the World Bank, Washington, D.C., Sept. 9-10, 1997.
504 _aIncludes bibliographical references and index.
650 0 _aEducational publishing
_xCongresses.
700 1 _aSosale, Shobhana,
_d1963-
710 2 _aWorld Bank.
906 _a7
_bcbc
_corignew
_d1
_eocip
_f19
_gy-gencatlg
942 _2ddc
_cBK